000 00335nam a2200157Ia 4500
003 0STCL
008 150530s9999 xx 000 0 und d
040 _aSTCL
_cSTCL
100 _aHenry James
245 _aWashington square
260 _c1965
546 _aEnglish
942 _2ddc
_cBK
999 _c67546
_d67546
005 20220125171345.0